Present simple czy present continuous? - Statystyki

Ogólne statystyki
  • Ten quiz został rozwiązany 66 razy
  • Średni wynik to 17 z 20
Statystyki odpowiedzi
Hint Odpowiedź % Poprawnych
I am drinking a cup of coffee. Continuous
90%
She is reading a book right now. Continuous
87%
I am writing an email right now. Continuous
87%
You are watching a funny video. Continuous
87%
My parents are cooking dinner. Continuous
85%
They are listening to music. Continuous
85%
She is talking on the phone. Continuous
85%
She likes chocolate. Simple
85%
We are watching a movie at the moment. Continuous
83%
We are learning English together Continuous
83%
You speak English very well. Simple
83%
It usually rains in April. Simple
83%
The sun rises in the east. Simple
81%
I go to school every day. Simple
81%
My brother reads a lot of books. Simple
81%
They play football on Saturdays. Simple
81%
The kids are playing in the garden. Continuous
79%
It is raining outside. Continuous
79%
Cats sleep most of the day. Simple
79%
He watches TV in the evening. Simple
77%
Nie znaleziono quizów pasujących do podanych kryteriów
Rozkład punktacji
Procent ludzi z każdym wynikiem
Percentyl według liczby udzielonych odpowiedzi
Twoja historia wyników
Nie rozwiązałeś tego quizu